Tiere der Arktis - Statistiken

Allgemein
  • Dieses Quiz wurde 114 mal gespielt
  • Das Durchschnittsergebnis liegt bei 8 aus 16
Antwortstatistiken
Bildquiz Antwort % Korrekt
Eisbär
98%
Schwertwal
97%
Schneeeule
91%
Polarfuchs
90%
Walross
80%
Weißwal
76%
Rentier
73%
Narwal
64%
Vielfraß
45%
Grönlandhai
42%
Moschusochse
30%
Berglemming
24%
Grönlandwal
21%
Küstenseeschwalbe
9%
Sattelrobbe
7%
Polardorsch
1%
Keine übereinstimmenden Quizze gefunden
Verteilung der Resultate
Anzahl Personen mit jedem Resultat
Perzentil nach korrekt beantworteten Fragen
Ihre Resultats-Entwicklung
Sie haben dieses Quiz noch nicht gespielt